00673nam a2200193 a 450000500170000000800410001702000150005805000220007310000220009524500830011725000210020026000430022144000210026450000200028565000350030565000150034099900190035595201050037420140414131931.0101206s19uu xx 00 eng d a0679860010 aREF 560bL63 2000 aLindsay, William. aPrehistoric life /cwritten by William Lindsay ; photographed by Harry Taylor. a1st American ed. aNew York :bDorling Kindersley,c2000. aEyewitness books aIncludes index. aFossilsx Juvenile literature. aEvolution. c112217d112217 001040aMUbMUcREFd2010-12-06e l0oREF 560 L63 2000pM3430r2014-04-14 00:00:00w2014-04-14yBK